000 01045nam a22002297a 4500
001 EIF-V-2003-M1-017
003 OSt
005 20221109142154.0
008 221109b |||||||| |||| 00| 0 eng d
040 _aFundación Jesús Pereda
_cFundación Jesús Pereda
041 _aCastellano
100 _aValverde Márquez, María José
_9137
111 _aEncuentro de Investigadores del Franquismo
_c(Albacete.
_d2003.
_n5º)
_997
245 _aLas relaciones internacionales del Partido Comunista de España a través de su correspondencia interna:
_bentre la coexistencia pacífica y el cisma chino-soviético
_c/María José Valverde Márquez
610 0 _9143
_aPartido Comunista de España (PCE)
650 0 _9168
_aRelaciones internacionales
651 0 _9418
_aChina
651 0 _9419
_aUnión de Repúblicas Socialistas Soviéticas (URSS)
773 _tActas del V Encuentro de Investigadores del Franquismo
856 _uhttps://bibliotecaccoocyl.fundacionjesuspereda.es/cgi-bin/koha/opac-retrieve-file.pl?id=0bd79d6b313c0eb2fcc22ebfdbecba3c
942 _2ddc
_cCF
_n0
999 _c242
_d242